01668nam a2200253 a 450000100100000000500170001000800410002704000250006808200150009310000400010824502160014825000130036426000450037730000340042250000250045650002030048150000480068450504260073270000440115870000470120270000400124995201080128999900170139700002025020200929170331.0091118s1992 dr ab 000 0 spa d aDO-SdBNPbspacBNPHU axxxxbxxxx1 aRamírez Báez, Ramón O.94286710aEstudios sociales 5 :beducación primaria /cRamón O. Ramírez Báez ; revisado y actualizado por Rafael A. González ; dirección técnica Yolanda R de Sánchez ; ilustración Liliana P. de Lantigua. a7ma. ed. aSanto Domingo :bDisesa,c1992fCorripio a152 p :bil., maps. ;c27 cm. aEducación primaria aAprobado y recomendado para ser utilizado como texto básico, educación primaria, mediante oficio No. 6695 de fecha 29 de julio de 1985, por la Secretaría de Educación, Bellas Artes y Cultos. aLa biblioteca solamente posee el volumen 5.0 gv. 5 :gunidad 1 --tEl paisaje geográfico y su influencia en los modos de via del hombre americano --gunidad 2 --tLa isla de Santo Domingo y el resto de América son conquistadas y colonizadas por los europeos --gunidad 3 --tLos países de América luchan por lograr su independencia y consolidar su soberanía --gunidad 4 --tLos países americanos se organizan y se rigen a través de la constitución --1 aGonzález, Rafael A.eRev. Act.9428661 aR. de Sánchez, Yolandaedir. tec.9428631 aP. de Lantigua, Lilianaeil.942864 0010718PDaPDbPDcHDd2015-06-24iLF1l0ov. 5p20250-10r2020-06-25w2020-06-25yLFPDZNo se presta c19755d19755